| 000 | 00854nam a2200265 a 4500 | ||
|---|---|---|---|
| 999 |
_c19615 _d19615 |
||
| 001 | 4804323 | ||
| 005 | 20170117102844.0 | ||
| 008 | 900131s1989 iaua b 001 0 eng | ||
| 010 | _a 88071662 | ||
| 020 | _a0697013537 | ||
| 040 |
_aDLC _cDLC _dDLC |
||
| 050 | 0 | 0 |
_aQH431 _b.M39 1989 |
| 100 | 1 | _aMaxson, Linda R. | |
| 245 | 1 | 0 |
_aGenetics : _ba human perspective / _cLinda R. Maxson, Charles H. Daugherty. |
| 250 | _a2nd ed. | ||
| 260 |
_aDubuque, Iowa : _bW.C. Brown Publishers, _cc1989. |
||
| 300 |
_axv, 387 p. : _bill. (some col.) ; _c27 cm. |
||
| 504 | _aIncludes bibliographies and index. | ||
| 650 | 0 | _aHuman genetics. | |
| 650 | 0 | _aGenetics. | |
| 700 | 1 | _aDaugherty, Charles H. | |
| 942 |
_2lcc _cBOOKS _hQH431 .M39 1989 |
||